书目信息 |
| 题名: |
内衣的奥秘
|
|
| 作者: | 胡川徽 著 | |
| 分册: | ||
| 出版信息: | 北京 中国纺织出版社 2015 |
|
| 页数: | 341页 | |
| 开本: | 24cm | |
| 丛书名: | ||
| 单 册: | ||
| 中图分类: | K825.72 | |
| 科图分类: | ||
| 主题词: | ||
| 电子资源: | ||
| ISBN: | 978-7-5180-1067-7 | |
| 000 | 01136nam0 2200241 450 | |
| 001 | 012001000717 | |
| 005 | 20140920091302.0 | |
| 010 | @a978-7-5180-1067-7@dCNY48.00 | |
| 100 | @a20150712d2015 em y0chiy50 ea | |
| 101 | 0 | @achi |
| 102 | @aCN@b110000 | |
| 105 | @aa z 000yb | |
| 106 | @ar | |
| 200 | 1 | @a内衣的奥秘@9Nei Yi De Ao Mi@e何炳祥和他的奥丽侬王国@f胡川徽著 |
| 210 | @a北京@c中国纺织出版社@d2015 | |
| 215 | @a341页@c图, 照片@d24cm | |
| 330 | @a本书是广东奥丽侬内衣集团总裁兼艺术总监何炳祥先生的传记。何炳祥先生创立了奥丽侬内衣集团,通过精密化标准化的生产要求,质量上达到了世界水平;他还发明了系列功能内衣,让塑身修行变得更简单有效;他融合东西方艺术的内衣设计、品牌文化的宣传塑造、品牌专卖的销售模式,在内衣界也都可圈可点。何炳祥通过他的努力取得了成功,甚至推动了中国内衣的发展。本书讲述了他的创业故事和人生经历,很有励志意义,不但适合内衣人阅读,也对更多人有启发意义。 | |
| 517 | 1 | @a何炳祥和他的奥丽侬王国@9He Bing Xiang He Ta De Ao Li Nong Wang Guo |
| 600 | 0 | @a何炳祥@x传记 |
| 690 | @aK825.72@v5 | |
| 701 | 0 | @a胡川徽@9Hu Chuan Hui@4著 |
| 801 | 0 | @aCN@b上海新华@c20180901 |
| 905 | @b1151077-81@dK825.72@e1136@f5 | |
| 内衣的奥秘:何炳祥和他的奥丽侬王国/胡川徽著.-北京:中国纺织出版社,2015 |
| 341页:图, 照片;24cm |
| ISBN 978-7-5180-1067-7:CNY48.00 |
| 本书是广东奥丽侬内衣集团总裁兼艺术总监何炳祥先生的传记。何炳祥先生创立了奥丽侬内衣集团,通过精密化标准化的生产要求,质量上达到了世界水平;他还发明了系列功能内衣,让塑身修行变得更简单有效;他融合东西方艺术的内衣设计、品牌文化的宣传塑造、品牌专卖的销售模式,在内衣界也都可圈可点。何炳祥通过他的努力取得了成功,甚至推动了中国内衣的发展。本书讲述了他的创业故事和人生经历,很有励志意义,不但适合内衣人阅读,也对更多人有启发意义。 |
| ● |
| 相关链接 |
|
|
|
|
正题名:内衣的奥秘
索取号:K825.72/1136
 
预约/预借
| 序号 | 登录号 | 条形码 | 馆藏地/架位号 | 状态 | 备注 |
| 1 | 1151077 | 211510774 | 第二样本阅览室/ [索取号:K825.72/1136] | 在馆 | |
| 2 | 1151078 | 211510783 | 第二借阅区/ [索取号:K825.72/1136] | 在馆 | |
| 3 | 1151079 | 211510792 | 密集书库-史法系/ [索取号:K825.72/1136] | 在馆 | |
| 4 | 1151080 | 211510809 | 第二借阅区/ [索取号:K825.72/1136] | 在馆 | |
| 5 | 1151081 | 211510818 | 第二借阅区/ [索取号:K825.72/1136] | 在馆 |